| 000 | 00624nam a2200181 a 4500 | ||
|---|---|---|---|
| 001 | 000036943 | ||
| 005 | 20200930080034.0 | ||
| 008 | 120207s1972 xxu 000 0 spa d | ||
| 040 |
_aDO-SdBNP _bspa _cBNPHU |
||
| 082 |
_axxxxxx _bxxxxxx |
||
| 245 | 0 | 0 |
_aHobbes and Rousseau / _ceditores Maurice Cranston, Richard S. Peters. |
| 260 |
_aNew York, : _bDoubleday & Company, _c1972. |
||
| 300 |
_a505 p. ; _c18 cm. |
||
| 500 | _aIncluye referencias bibliográficas y notas al pie de las páginas | ||
| 504 | _aBibliografías : p. 498-505 | ||
| 700 | 1 |
_aCranston, Maurice, _eed. _963341 |
|
| 700 | 1 |
_aS. Peters, Richard, _eed. _963342 |
|
| 999 |
_c36433 _d36433 |
||